000 01018nam a2200277 i 4500
001 183522
003 ES-MaACL
005 20231105122434.0
008 140711s2013 sp |||| | spa d
020 _a9788468633459
080 _a17.022.1
111 2 _aEncuentro Internacional CETR (
_n8º.
_d2012)
_9226201
245 1 3 _aLa crisis axiológica, raíz de todas las crisis que sufre nuestro mundo
_b: cómo manejarnos con ella /
_c8º Encuentro Internacional octubre 2012 ; M. Corbí, coord.
260 _aBarcelona :
_bCETR,
_cD. L. 2013.
300 _a305 p. ;
_c21cm.
351 _aReferencias bibliográficas.
500 _aEn lomo: 9.
650 0 4 _aValores (Filosofía)
_9154937
650 4 _aGlobalización.
_913125
700 1 _aCorbí, Marià.
_940466
710 2 _aCentro de Estudio de las Tradiciones Religiosas.
_9154936
852 _aES-MaACL
_9 190463
_bR.149.915
_jA-13134
_dOlim: N-6134
_cDEPO1
942 _2udc
_cMONOGRAFIA
_n0
999 _c183522
_d183522